000 00610nam a2200241Ia 4500
003 OSt
005 20220918192809.0
006 a|||||r|||| 00| 0
007 ta
008 220917b |||||||| |||| 00| 0 eng d
024 _a70,339
037 _cTextual
040 _aARTS
_cARTS
_beng
041 _2eng
_aeng
082 _aR361, M7
100 _aSimons Peter
_946377
245 0 _aParts
_b a study in ontology
260 _aOxford
_bClarendon Press
_c1987
300 _a390p.
_ccm.
500 _aBib 365-80p
942 _hR361, M7
_cTEXL
_2CC
999 _c196437
_d196437